Political scandals : opposing viewpoints /

Bibliographic Details
Other Authors: Dudley, William, 1964-
Format: Book
Language:English
Published: San Diego, Calif. : Greenhaven Press, [2001]
Series:Opposing viewpoints series (Unnumbered)
Subjects:

MARC

Tag First Indicator Second Indicator Subfields
LEADER 00000cam a22000004a 4500
001 in00001576873
005 20151022105346.0
008 000314s2001 caua b 001 0 eng
010 |a  00029408  
020 |a 0737705175 (pbk. : alk. paper) 
020 |a 0737705183 (lib. bdg. : alk. paper) 
035 |a (OCoLC)ocm43757491 
040 |a DLC  |c DLC  |d C#P  |d MLX  |d TXA  |d UtOrBLW 
042 |a pcc 
043 |a n-us--- 
049 |a TXAM 
050 0 0 |a JK2249  |b .P648 2001 
082 0 0 |a 324.7/0973  |2 21 
245 0 0 |a Political scandals :  |b opposing viewpoints /  |c William Dudley, book editor. 
264 1 |a San Diego, Calif. :  |b Greenhaven Press,  |c [2001] 
264 4 |c ©2001 
300 |a 175 pages :  |b illustrations ;  |c 22 cm. 
336 |a text  |b txt  |2 rdacontent 
337 |a unmediated  |b n  |2 rdamedia 
338 |a volume  |b nc  |2 rdacarrier 
490 1 |a Opposing viewpoints series 
504 |a Includes bibliographical references and index. 
505 0 |a How serious is the problem of political scandals in America? -- How relevant is private morality to public office? -- Case study: Was President Bill Clinton's impeachment justified? -- What reforms can prevent political corruption? 
650 0 |a Political corruption  |z United States. 
650 0 |a Political ethics  |z United States. 
700 1 |a Dudley, William,  |d 1964- 
830 0 |a Opposing viewpoints series (Unnumbered) 
948 |a cataloged  |b h  |c 2000/12/20  |d c  |e jgreene  |f 9:47:40 am 
994 |a E0  |b TXA 
999 |a MARS 
999 f f |s 3e9c4d44-2ccc-348c-9b29-50635b6ac2f7  |i 53141d31-875c-3475-abad-24274b303801  |t 0 
952 f f |p ric  |a Texas A&M University  |b Rellis Campus  |c Joint Library Facility  |d Remote Storage  |t 0  |e JK2249 .P648 2001  |h Library of Congress classification  |i unmediated -- volume  |m A14828267738 
998 f f |a JK2249 .P648 2001  |t 0  |l Remote Storage